Propuesta de un plan de mejora de la calidad en el proceso de venta y distribución de envase de galón de polietileno en la industria de plásticos GEMAPLAST S.A
Presenta un plan de mejora de la calidad en el proceso de venta y distribución del envase de galón de polietileno en la industria de plástico MEGAPLAST S.A, con el propósito de diseñar y realizar un manual de procedimientos que gestión y administre dicho sistema en la empresa.
| Main Authors: | , , |
|---|---|
| Other Authors: | |
| Format: | Tesis Section = Libro |
| Language: | Undetermined Spanish |
| Published: |
Managua
UNI
2011
|
| Subjects: |
| LEADER | 01287nam a2200277Ia 4500 | ||
|---|---|---|---|
| 008 | 240830s9999 xx 000 0 und d | ||
| 040 | |a BIBLIOTECA-RUPAP T.Mon 658.8 C352 | ||
| 041 | |a spa | ||
| 082 | |a T.Mon 658.8 C352 | ||
| 100 | 1 | |a Castillo Martínez, Ileana María | |
| 100 | 1 | |b Martínez Castro, Sigrid | |
| 100 | 1 | |c Meléndez Marín, Massiel | |
| 245 | 1 | 0 | |a Propuesta de un plan de mejora de la calidad en el proceso de venta y distribución de envase de galón de polietileno en la industria de plásticos GEMAPLAST S.A |
| 260 | |a Managua |b UNI |c 2011 | ||
| 300 | |a 103 p. :il. | ||
| 500 | |a Contiene: anexos e Incluye: CD. | ||
| 502 | |a Tesis (Ingeniero de Sistemas)- UNI, 2011. | ||
| 520 | 3 | |a Presenta un plan de mejora de la calidad en el proceso de venta y distribución del envase de galón de polietileno en la industria de plástico MEGAPLAST S.A, con el propósito de diseñar y realizar un manual de procedimientos que gestión y administre dicho sistema en la empresa. | |
| 650 | 7 | |a ADMINISTRACION DE LA PRODUCCION - MERCADEO | |
| 650 | 7 | |b ANALISIS DE MERCADEO | |
| 650 | 7 | |c CANALES DE DISTRIBUCION | |
| 650 | 7 | |d ANALISIS DE FODA - GEMAPLAST S.A. | |
| 700 | 1 | |a Tutor: |b García Guevara, Roger Alberto | |
| 942 | |c BK |2 ddc | ||
| 991 | |a TESIS | ||
| 999 | |c 18706 | ||